Statistics for Inazuma Eleven Universe list of hissatsus used by main characters in the (Inazuma Eleven and GO but no further)

Click here to take the quiz!

General Stats

  • This quiz has been taken 343 times
  • The average score is 32 of 110

Answer Stats

CharacterAnswerHint for type of hissatu% Correct
Mark EvansGod HandCatch
93%
Axel BlazeFire TornadoShot
77%
Mark EvansMajin the HandCatch
73%
Jack WallsideThe WallDefence
55%
Mark EvansGod CatchCatch
54%
Mark EvansFist of JusticeCatch
52%
Mark Evans/Bobby Shearer/Erik EagleTri-Pegasus/Tri-PhoenixShot
51%
Mark Evans/Bobby Shearer/Jude Sharp OR David Samford/Daniel Hatch/Derek SwingDeath ZoneShot
50%
Jude Sharp/Mark Evans/Axel BlazeInazuma BreakShot
50%
Axel Blaze/ Kevin DragonflyDragon TornadoShot
49%
Mark EvansMegaton HeadShot
48%
Mark Evans/Axel BlazeInazuma 1Shot
47%
Kevin DragonflyDragon CrashShot
45%
Shawn FrosteEternal BlizzardShot
45%
Mark Evans/Axel Blaze/Shawn FrosteThe EarthShot
45%
Byron LoveGod KnowsShot
44%
Jack WallsideThe MountainDefence
44%
Mark Evans/Bobby Shearer/Jude SharpDeath Zone 2Shot
42%
Jude Sharp/Daniel Hatch/David SamfordEmperor Penguin Number 2Shot
41%
Axel BlazeFireball StormShot
40%
Axel Blaze/ Xavier Foster/Austin HobbesGrand FireShot
39%
Jude SharpIllusion BallDribble
39%
Axel Blaze/Jack WallsideInazuma DropShot
39%
Austin HobbesTiger DriveShot
39%
Axel Blaze/Austin HobbesTiger StormShot
39%
Jude SharpTwin BoostShot
39%
Axel Blaze/Shawn FrosteCrossfireShot
37%
David SamfordEmperor Penguin Number 1Shot
37%
Mark EvansFireball KnuckleCatch
37%
Hector HelioGod Hand XCatch
37%
Victoria VanguardThe TowerDefence
37%
Jude Sharp/Caleb Stonewall/David SamfordEmperor Penguin Number 3Shot
36%
Axel BlazeFireball ScrewShot
34%
Mark EvansHammer of FuryCatch
34%
Darren LaChanceMugen the HandCatch
34%
Mark EvansDimensional HandCatch
33%
Xavier FosterMeteor BladeShot
33%
Shawn FrosteSnow AngelDefence
33%
Kevin DragonflyWyvern CrashShot
33%
Axel Blaze/Nathan SwiftFire RoosterShot
32%
Shawn FrosteLegendary WolfShot
32%
Shawn Froste/Nathan SwiftThe HurricaneShot
32%
Kevin DragonflyDragon SlayerShot
31%
Mark Evans/Axel Blaze/Jack WallsideInazuma 1 dropShot
31%
Hurley KaneTsunami BoostShot
31%
Jude Sharp/Shawn Froste/Xavier FosterBig BangShot
30%
Byron LoveGod BreakShot
30%
Edgar ValtinasExcaliburShot
29%
Erik EagleFlame DanceDefence
29%
Thiago TorresIron WallDefence
29%
Mark Evans/Axel Blaze/Austin HobbesJet StreamShot
29%
Shawn FrosteLand of IceDefence
29%
Kevin Dragonfly/Shawn FrosteWyvern BlizzardShot
29%
JanusAstro BreakShot
28%
Mark EvansBlazing KnuckleCatch
28%
Shawn Froste/Thor StoutbergThunder BeastShot
28%
Paolo BianchiOdin SwordShot
27%
Xene/Bellatrix/WittzSpace PenguinShot
27%
DvalinWormholeCatch
27%
Claude Beacons/Bryce Whitingale/Byron LoveChaos BreakShot
26%
Byron LoveHeaven's TimeDribble
26%
Erik EagleSpinning ShotShot
26%
DvalinDrill SmasherCatch
25%
Axel BlazeMaximum FireShot (used in the 1st movie)
25%
Victoria Vanguard/Hurley Kane/Scott BanyanPerfect TowerDefence
25%
Claude BeaconsAtomic FlareShot
24%
Nathan SwiftFlurry DashDribble
24%
Xene/Bellatrix/WittzSupernovaShot
24%
Bryce WhitingaleNorthern ImpactShot
23%
Erik EaglePegasus ShotShot
23%
Hurley KaneThe TyphoonShot
23%
Austin HobbesGladius ArchShot
22%
Mac RobingoSamba StrikeShot
21%
Claude Beacons/Bryce WhitingaleFire BlizzardShot
20%
Shawn Froste/Xavier FosterThe DawnShot
20%
Nathan Swift(Dark Emperors)/Tod Ironside/Sam KincaidTriple BoostShot
20%
Hidetoshi NakataBrave ShotShot
19%
DvalinGungnirShot
19%
Axel BlazeHeat TackleDribble
19%
Mark EvansOmega the HandCatch
19%
Axel Blaze/ Jude SharpPrime LegendShot (used in the 1st movie)
19%
Hector HelioSoul HandCatch
19%
Victor BladeDeath DropShot
18%
Victor BladeDeath SwordShot
18%
Victor Blade/Arion SherwindFire Tornado Double DriveShot
18%
Riccardo di RigoFortissimoShot
18%
Archer HawkinsVac AttackDefence
18%
Hector HelioX BlastShot
18%
Edgar ValtinasPaladin StrikeShot
17%
Nathan SwiftWind God's DanceDribble
17%
Jude Sharp/Caleb StonewallField of ForceDribble
16%
Darren LaChanceFiend HandCatch
16%
Canon EvansGod CannonShot
16%
Hurley KaneThe TubeShot
16%
Xavier FosterCelestial SmashShot
15%
Austin HobbesRC ShootShot
14%
Nathan Swift(Dark Emperors)Clone DefenceDefence
13%
Bash LancerDeath SpearShot
12%
Arion SherwindEasy BreezyDribble
12%
Erik Eagle/Mark Krueger/Dylan KeatsGran FenrirShot
12%
NeroProcyon NetCatch
12%
Jordan GreenwayLightning SprintDribble
11%
Arion SherwindZephyr ShotShot
10%
Bash Lancer/Mystral Callous/Escavan MaliceDeath BreakShot
9%
NeroTemporal WallCatch
9%
Janus/DiamCosmic BlastShot
8%
Lars Luceafãr/Bump Trungus/Lump TrungusHigh VoltageCatch
8%
Riccardo di RigoPresto TurnDribble
8%
Lars Luceafãr (Ogre Goalkeeper)ElectrapCatch
7%
Lars LuceafãrNeedle HammerCatch
6%

Score Distribution

Percentile by Number Answered

Percent of People with Each Score

Your Score History

You have not taken this quiz